000 00891nam a2200253Ia 4500
008 130821s1998 mx gr spa
020 _a9681654544
040 _aCo-BoUCM
_bspa
041 0 0 _aspa
100 1 _aEagleton, Terry
_d1943-
245 1 0 _aUna introducción a la teoría literaria
_cTerry Eagleton; traducción de José Esteban Calderón.
250 _a2a. ed.
260 _aMéxico D.F. (México)
_bFondo de Cultura Económica
_c1998
300 _a291 páginas
504 _aIncluye índice y bibliografía.
650 0 4 _aCrítica literaria
_912204
650 0 4 _aEstilo literario
_915088
650 0 4 _aEstructuralismo (Análisis literario)
650 0 4 _aSemiología (Lingüística)
700 1 _aCALDERON, José Esteban.
_etrad.
765 1 0 _tLiterary theory. An introduction.
942 _cLIBRO
_a18
_e2
_mE11u
_2DEWEY
_h801.95
999 _c30324
_d30324